Normal view
MARC view
- Tatwadnya Ganneshkar - 2k181019 & Dr. Mihika Kulkarni - Guide
Entry Personal Name
001 - CONTROL NUMBER
- control field: 105085
003 - CONTROL NUMBER IDENTIFIER
- control field: OSt
005 - DATE AND TIME OF LATEST TRANSACTION
- control field: 20221007221539.0
008 - FIXED-LENGTH DATA ELEMENTS
- fixed length control field: 221007|| aca||aabn | a|a d
040 ## - CATALOGING SOURCE
- Original cataloging agency: OSt
- Transcribing agency: OSt
100 ## - HEADING--PERSONAL NAME
- Personal name: Tatwadnya Ganneshkar - 2k181019 & Dr. Mihika Kulkarni - Guide
670 ## - SOURCE DATA FOUND
- Source citation: Work cat.: (OSt)79985: Tatwadnya Ganneshkar - 2k181019 & Dr. Mihika Kulkarni - Guide, An Analysis Of Gamifild Hiring Process At Tata Consultancy Services, 2019